| 000 | 00327nam a2200109Ia 4500 | ||
|---|---|---|---|
| 008 | 220214s9999 xx 000 0 und d | ||
| 100 | _aVan Ranst E | ||
| 245 | 0 | _aRational soil management in the humid tropics | |
| 260 |
_bBulletin des Seances, Academie Royale des Sciences d' Outer-Mer _c1995 |
||
| 300 | _a209-233 | ||
| 942 | _cRE | ||
| 999 |
_c45946 _d45946 |
||